000
00327nam a2200133Ia 4500
008
240624s9999 xx 000 0 und d
041
_a
eng
082
_a
344.7301 MUI
100
_a
MUIR DANA M
245
_a
MANAGER S GUIDE TO EMPLOYMENT LAW HOW TO
260
_c
2003
_b
Jossey-Bass
300
_a
Exch.208 : p.
365
_c
_b
25
999
_c
23539
_d
23539